| 000 | 00684nam a2200253Ia 4500 | ||
|---|---|---|---|
| 008 | 160216s9999 xx 000 0 und d | ||
| 020 | _a0-13-042811-6 | ||
| 050 | _aMAIN QH 431 | ||
| 050 | _b.S83 2002 | ||
| 100 | _aSudbery, Peter | ||
| 245 | _aHuman molecular genetics / | ||
| 245 | _cPeter Sudbery. | ||
| 250 | _a2nd Edition | ||
| 260 | _aEngland : | ||
| 260 | _bPearson Education Limited. | ||
| 260 | _c2002 | ||
| 300 | _a364 pages : | ||
| 300 | _bill. ; | ||
| 300 | _c24 cm. | ||
| 440 | _aCell and molecular biology in action series | ||
| 500 | _aIncludes bibliographical references and index. | ||
| 650 | _aHuman genetics. | ||
| 650 | _aMolecular genetics. | ||
| 999 |
_c290890 _d290890 |
||